Who Scored The Goal? (Galatasaray 24/25) - Statistics

General Stats
  • This quiz has been taken 86 times
    43 since last reset
  • The average score is 54 of 89
Answer Stats
Matches Scorer % Correct
Galatasaray - Hatayspor80' 1-1 Mauro Icardi
100%
Galatasaray - Hatayspor90' 2-1 Michy Batshuayi
95%
Adana Demirspor - Galatasaray9' 0-1 Kerem Aktürkoğlu
90%
Konyaspor - Galatasaray59' 1-2 Barış Alper Yılmaz
85%
Konyaspor - Galatasaray41' 0-1 Kerem Aktürkoğlu
85%
Fenerbahçe - Galatasaray59' 0-3 Gabriel Sara
80%
Fenerbahçe - Galatasaray28' 0-2 Dries Mertens
75%
Galatasaray - Trabzonspor63' 3-3 Michy Batshuayi
75%
Galatasaray - Adana Demirspor12' 1-0 Alvaro Morata
70%
Galatasaray - Eyüpspor45+5' 1-1 Barış Alper Yılmaz
70%
Galatasaray - Beşiktaş13' 1-0 Davinson Sanchez
70%
Galatasaray - Trabzonspor8' 1-0 Dries Mertens
70%
Galatasaray - Kasımpaşa34' 3-0 Mauro Icardi
70%
Bodrum FK - Galatasaray54' 0-1 Michy Batshuayi
70%
Galatasaray - Kasımpaşa20' 1-0 Victor Osimhen
70%
Galatasaray - Kasımpaşa28' 2-0 Victor Osimhen
70%
Antalyaspor - Galatasaray90+2' 0-3 Victor Osimhen
70%
Galatasaray - Beşiktaş67' 2-0 Victor Osimhen
70%
Galatasaray - Samsunspor3' 1-0 Victor Osimhen
70%
Galatasaray - Samsunspor55' 2-1 Victor Osimhen
70%
Sivasspor - Galatasaray45+9' 1-2 Victor Osimhen
70%
Hatayspor - Galatasaray56' 1-1 Victor Osimhen
70%
Galatasaray - Konyaspor22' 1-0 Victor Osimhen
70%
Çaykur Rizespor - Galatasaray47' 0-1 Victor Osimhen
70%
Çaykur Rizespor - Galatasaray86' 1-2 Victor Osimhen
70%
Kasımpaşa - Galatasaray12' 0-1 Victor Osimhen
70%
Kasımpaşa - Galatasaray71' 2-3 Victor Osimhen
70%
Galatasaray - Antalyaspor30' 1-0 Victor Osimhen
70%
Galatasaray - Antalyaspor45+3' 3-0 Victor Osimhen
70%
Galatasaray - Antalyaspor52' 4-0 Victor Osimhen
70%
Samsunspor - Galatasaray46' 0-2 Victor Osimhen
70%
Gaziantep FK - Galatasaray5' 0-1 Ahmed Kutucu
65%
Adana Demirspor - Galatasaray31' 0-3 Barış Alper Yılmaz
65%
Galatasaray - Çaykur Rizespor80' 5-0 Barış Alper Yılmaz
65%
Galatasaray - Gaziantep FK 11' 1-0 Barış Alper Yılmaz
65%
Adana Demirspor - Galatasaray37' 0-4 Dries Mertens
65%
Beşiktaş - Galatasaray45' 1-1 Lucas Torreira
65%
Galatasaray - Bodrum FK29' 1-0 Lucas Torreira
65%
Galatasaray - Eyüpspor47' 2-1 Roland Sallai
65%
Kayserispor - Galatasaray71' 1-4 Victor Osimhen
65%
Galatasaray - Göztepe10' 1-0 Victor Osimhen
65%
Alanyaspor - Galatasaray62' 1-2 Victor Osimhen
65%
Galatasaray - Trabzonspor29' 2-1 Yunus Akgün
65%
Galatasaray - Çaykur Rizespor25' 2-0 Abdülkerim Bardakcı
60%
Sivasspor - Galatasaray53' 1-3 Barış Alper Yılmaz
60%
Kayserispor - Galatasaray29' 1-2 Barış Alper Yılmaz
60%
Kayserispor - Galatasaray87' 1-5 Barış Alper Yılmaz
60%
Başakşehir - Galatasaray42' 0-1 Barış Alper Yılmaz
60%
Başakşehir - Galatasaray59' 1-2 Barış Alper Yılmaz
60%
Fenerbahçe - Galatasaray20' 0-1 Dominik Livakovic (OG)
60%
Galatasaray - Samsunspor85' 3-1 Michy Batshuayi
60%
Kayserispor - Galatasaray4' 0-1 Victor Osimhen
60%
Eyüpspor - Galatasaray71' 0-3 Victor Osimhen
60%
Galatasaray - Alanyaspor28' 1-0 Yunus Akgün
60%
Sivasspor - Galatasaray36' 1-1 Yunus Akgün
60%
Kayserispor - Galatasaray51' 1-3 Yunus Akgün
60%
Galatasaray - Göztepe61' 2-1 Yunus Akgün
60%
Galatasaray - Trabzonspor90+8' 4-3 Ali Şahin Yılmaz (OG)
55%
Galatasaray - Antalyaspor45' 2-0 Alvaro Morata
55%
Galatasaray - Kayserispor89' 3-0 Fernando Muslera
55%
Galatasaray - Çaykur Rizespor49' 3-0 Gabriel Sara
55%
Göztepe - Galatasaray70' 0-1 Kaan Ayhan
55%
Antalyaspor - Galatasaray10' 0-1 Mauro Icardi
55%
Galatasaray - Gaziantep FK26' 2-0 Yunus Akgün
55%
Samsunspor - Galatasaray14' 0-1 Yunus Akgün
55%
Trabzonspor - Galatasaray66' 0-1 Abdülkerim Bardakcı
50%
Trabzonspor - Galatasaray84' 0-2 Alvaro Morata
50%
Galatasaray - Sivasspor21' 3-0 Barış Alper Yılmaz
50%
Galatasaray - Çaykur Rizespor3' 1-0 Davinson Sanchez
50%
Antalyaspor - Galatasaray52' 0-2 Mauro Icardi
50%
Galatasaray - Gaziantep FK76' 3-0 Michy Batshuayi
50%
Galatasaray - Sivasspor31' 4-0 Victor Osimhen
50%
Adana Demirspor - Galatasaray60' 0-5 Abdülkerim Bardakcı
45%
Eyüpspor - Galatasaray87' 1-4 Alvaro Morata
45%
Eyüpspor - Galatasaray90' 1-5 Alvaro Morata
45%
Göztepe - Galatasaray90+1' 0-2 Alvaro Morata
45%
Galatasaray - Kayserispor29' 2-0 Barış Alper Yılmaz
45%
Galatasaray - Çaykur Rizespor61' 4-0 Dries Mertens
45%
Galatasaray - Başakşehir17' 1-0 Dries Mertens
45%
Adana Demirspor - Galatasaray18' 0-2 Semih Güler (OG)
45%
Galatasaray - Sivasspor15' 2-0 Victor Osimhen
45%
Galatasaray - Kayserispor26' 1-0 Victor Osimhen
45%
Galatasaray - Başakşehir81' 2-0 Victor Osimhen
45%
Galatasaray - Bodrum FK81' 2-0 Davinson Sanchez
40%
Eyüpspor - Galatasaray56' 0-2 Lucas Torreira
40%
Kasımpaşa - Galatasaray69' 2-2 Mario Lemina
40%
Eyüpspor - Galatasaray29' 0-1 Roland Sallai
40%
Alanyaspor - Galatasaray51' 1-1 Fidan Aliti (OG)
35%
Galatasaray - Sivasspor9' 1-0 Lucas Torreira
35%
No matching quizzes found
Score Distribution
Percent of People with Each Score
Percentile by Number Answered
Your Score History
You have not taken this quiz since the last reset